<?xml version="1.0" encoding="UTF-8"?>
<collection xmlns:xsi="http://www.w3.org/2001/XMLSchema-instance" xsi:schemaLocation="http://www.loc.gov/MARC21/slim http://www.loc.gov/standards/marcxml/schema/MARC21slim.xsd" xmlns="http://www.loc.gov/MARC21/slim">
 <record>
  <leader>00000nam a22000004a 4500</leader>
  <controlfield tag="001">UP-8027390931316547772</controlfield>
  <controlfield tag="003">Buklod</controlfield>
  <controlfield tag="005">20260312094543.0</controlfield>
  <controlfield tag="006">m    |o  d |      </controlfield>
  <controlfield tag="007">ta</controlfield>
  <controlfield tag="008">260312s2025    xxu     r    |||| u|eng d</controlfield>
  <datafield tag="040" ind1=" " ind2=" ">
   <subfield code="a">DARC</subfield>
   <subfield code="e">rda</subfield>
  </datafield>
  <datafield tag="041" ind1=" " ind2=" ">
   <subfield code="a">eng</subfield>
  </datafield>
  <datafield tag="090" ind1=" " ind2=" ">
   <subfield code="a">LG 993.5 2025 A7</subfield>
   <subfield code="b">M45</subfield>
  </datafield>
  <datafield tag="100" ind1="1" ind2=" ">
   <subfield code="a">Mejia, Icy Krizzle T.</subfield>
   <subfield code="e">author</subfield>
  </datafield>
  <datafield tag="245" ind1="1" ind2="0">
   <subfield code="a">Pawspitality hub</subfield>
   <subfield code="b">enhancing the capacity for care (C4C) in an animal care center through hospitality design</subfield>
   <subfield code="c">Icy Krizzle T. Mejia ; Alex Ray P. Evangellista, adviser.</subfield>
  </datafield>
  <datafield tag="264" ind1=" " ind2="1">
   <subfield code="a">Quezon City</subfield>
   <subfield code="b">College of Architecture, University of the Philippines Diliman</subfield>
   <subfield code="c">May 2025</subfield>
  </datafield>
  <datafield tag="300" ind1=" " ind2=" ">
   <subfield code="a">186 leaves, 24 unnumbered folded leaves of plates</subfield>
   <subfield code="b">illustrations (some color)</subfield>
   <subfield code="c">28 cm.</subfield>
  </datafield>
  <datafield tag="336" ind1=" " ind2=" ">
   <subfield code="a">text</subfield>
   <subfield code="2">rdacontent</subfield>
  </datafield>
  <datafield tag="337" ind1=" " ind2=" ">
   <subfield code="a">unmediated</subfield>
   <subfield code="2">rdamedia</subfield>
  </datafield>
  <datafield tag="338" ind1=" " ind2=" ">
   <subfield code="a">volume</subfield>
   <subfield code="2">rdacarrier</subfield>
  </datafield>
  <datafield tag="500" ind1=" " ind2=" ">
   <subfield code="a">Include appendices</subfield>
  </datafield>
  <datafield tag="502" ind1=" " ind2=" ">
   <subfield code="a">Thesis (Bachelor of Science in Architecture) -- University of the Philippines Diliman</subfield>
   <subfield code="d">May 2025</subfield>
  </datafield>
  <datafield tag="520" ind1="3" ind2=" ">
   <subfield code="a">This comprehensive design project explores how architecture can elevate animal welfare through an animal care center that integrates an animal adoption, animal boarding, and shelter veterinary care facility. Specifically, the project aimed to (1) design hospitable spaces that support the physical, emotional, and behavioral needs of animals, (2) create an environment that encourages interaction among humans, animals, and environment to foster positive experiences, and (3) optimize activity flow for functional adaptability and efficient caregiving. The overpopulation of stray animals presents significant adverse effects to communities. Animal sheltering crises involving overcrowding, human and material resource shortage, and poor facilities lead to compassion fatigue among animal care providers. Negative perceptions on the behavior and well-being of pets left alone trigger negative emotional responses from their owners. Recognizing that animal welfare is human welfare, and that animals themselves deserve a life worth living, Pawspitality Hub sought to boost its capacity for care (C4C), considering the following factors - pet adoption rates, length of stay, efficiency in staffing and operational workflow, and accommodation capacity or housing units - to enhance the well-being of both stray and owned feline and canine animals in and around Marikina City. Research involved site observation in Brgy. Sto. Nino, guided tour and observation in the PAWS AnimalRehabilitation Center (PARC), interviews with animal care staff, and volunteers, and precedent and case studies. The design process followed a user- and context-driven cycle - empathize, problematize, investigate, situate, program, conceptualize, generate, and evaluate. Key findings indicate the importance of hospitable and hospital design, regarding animals under care as both guests and patients, thus the hospitality approach, translated into the core design principles: user-centricity, species-specificity, hierarchy, interaction, and segregation.  Major design features proposed include a grand welcoming lobby, radially configured animal housing, separate housing cluster and enrichment zone for canine and feline animals, community-oriented facilities, a humane education hall, and a rear utility block that ensures operational sustainability.  Thoughtful design considerations extend to the materiality of the site and the buildings that prioritized durability, hygiene, and sensory compatibility with animals.  The project redefines animal care spaces by putting oneself on another's paw, thus giving animals a dignified life.</subfield>
  </datafield>
  <datafield tag="650" ind1=" " ind2="0">
   <subfield code="a">Animal welfare</subfield>
   <subfield code="z">Marikina City.</subfield>
  </datafield>
  <datafield tag="650" ind1=" " ind2="0">
   <subfield code="a">Animal health</subfield>
   <subfield code="z">Marikina City.</subfield>
  </datafield>
  <datafield tag="650" ind1=" " ind2="0">
   <subfield code="a">Animal facilities.</subfield>
  </datafield>
  <datafield tag="700" ind1="1" ind2=" ">
   <subfield code="a">Alex Ray P. Evangelista</subfield>
   <subfield code="e">thesis adviser.</subfield>
  </datafield>
  <datafield tag="842" ind1=" " ind2=" ">
   <subfield code="a">Thesis</subfield>
  </datafield>
  <datafield tag="905" ind1=" " ind2=" ">
   <subfield code="a">FI</subfield>
  </datafield>
  <datafield tag="852" ind1="0" ind2=" ">
   <subfield code="a">UPD</subfield>
   <subfield code="b">DARC</subfield>
   <subfield code="h">LG 993.5 2025 A7</subfield>
   <subfield code="i">M45</subfield>
  </datafield>
  <datafield tag="942" ind1=" " ind2=" ">
   <subfield code="a">Thesis</subfield>
  </datafield>
 </record>
</collection>
